| 000 -LEADER |
| fixed length control field |
01746nam a22001937a 4500 |
| 008 - FIXED-LENGTH DATA ELEMENTS--GENERAL INFORMATION |
| fixed length control field |
200313b ||||| |||| 00| 0 eng d |
| 100 ## - MAIN ENTRY--PERSONAL NAME |
| Personal name |
Schmidt, Vivien |
| 245 ## - TITLE STATEMENT |
| Title |
Conceptualizing throughput legitimacy: Procedural mechanisms of accountability, transparency, inclusiveness and openness in EU governance |
| 260 ## - PUBLICATION, DISTRIBUTION, ETC. (IMPRINT) |
| Name of publisher, distributor, etc |
Public Administration |
| 300 ## - PHYSICAL DESCRIPTION |
| Extent |
97(4), 2019: p.727-740. |
| 520 ## - SUMMARY, ETC. |
| Summary, etc |
This symposium demonstrates the potential for throughput legitimacy as a concept for shedding empirical light on the strengths and weaknesses of multi‐level governance, as well as challenging the concept theoretically. This article introduces the symposium by conceptualizing throughput legitimacy as an ‘umbrella concept’, encompassing a constellation of normative criteria not necessarily empirically interrelated. It argues that in order to interrogate multi‐level governance processes in all their complexity, it makes sense for us to develop normative standards that are not naïve about the empirical realities of how power is exercised within multi‐level governance, or how it may interact with legitimacy. We argue that while throughput legitimacy has its normative limits, it can be substantively useful for these purposes. While being no replacement for input and output legitimacy, throughput legitimacy offers distinctive normative criteria—accountability, transparency, inclusiveness and openness—and points towards substantive institutional reforms. - Reproduced. |
| 650 ## - SUBJECT ADDED ENTRY--TOPICAL TERM |
| Topical term or geographic name as entry element |
Accountability |
| 9 (RLIN) |
16794 |
| 650 ## - SUBJECT ADDED ENTRY--TOPICAL TERM |
| Topical term or geographic name as entry element |
Transparency |
| 9 (RLIN) |
16795 |
| 650 ## - SUBJECT ADDED ENTRY--TOPICAL TERM |
| Topical term or geographic name as entry element |
Governance - European Union |
| 9 (RLIN) |
16796 |
| 700 ## - ADDED ENTRY--PERSONAL NAME |
| Personal name |
Wood, Matthew |
| 9 (RLIN) |
16797 |
| 773 ## - HOST ITEM ENTRY |
| Main entry heading |
Public Administration |
| 906 ## - LOCAL DATA ELEMENT F, LDF (RLIN) |
| Subject DIP |
Public administration |
| 942 ## - ADDED ENTRY ELEMENTS (KOHA) |
| Item type |
Articles |